| 000 | 00630nam a2200181Ia 4500 | ||
|---|---|---|---|
| 008 | 100921s9999 xx 000 0 und d | ||
| 082 |
_b26086 _a791.5 थ 92 |
||
| 100 | _aकोटक वजु. | ||
| 245 | _aप्रभातपुष्प. | ||
| 260 |
_bप्रविण प्रकाशन, राजकोट. _c1992 |
||
| 300 |
_a271 _bरसिक साहित्य,पुणे |
||
| 365 | _b90 | ||
| 520 | _aकला-चित्रपट. | ||
| 630 | _aप्रभातपुष्प. | ||
| 650 | _aकला-चित्रपट. | ||
| 730 | _aप्रभातपुष्प. | ||
| 942 | _cBOOK | ||
| 999 |
_c775199 _d775196 |
||